Insurance: (Record no. 8191)

MARC details
000 -LEADER
fixed length control field 00524nam a22001817a 4500
003 - CONTROL NUMBER IDENTIFIER
control field OSt
005 - DATE AND TIME OF LATEST TRANSACTION
control field 20231010075853.0
008 - FIXED-LENGTH DATA ELEMENTS--GENERAL INFORMATION
fixed length control field 231010b |||||||| |||| 00| 0 eng d
020 ## - INTERNATIONAL STANDARD BOOK NUMBER
International Standard Book Number 9781533521996
040 ## - CATALOGING SOURCE
Transcribing agency DDC
082 ## - DEWEY DECIMAL CLASSIFICATION NUMBER
Classification number 368STE 2016.
100 ## - MAIN ENTRY--PERSONAL NAME
Personal name Stevens, James;
9 (RLIN) 16719
245 ## - TITLE STATEMENT
Title Insurance:
Remainder of title Best practical Guide for Risk management,Property,Liability,Life and Health.
260 ## - PUBLICATION, DISTRIBUTION, ETC. (IMPRINT)
Place of publication, distribution, etc. New York.
Name of publisher, distributor, etc. Shepal Publishing.
Date of publication, distribution, etc. 2016.
300 ## - PHYSICAL DESCRIPTION
Extent 30p;
Other physical details ill;
Dimensions 23cm.
650 ## - SUBJECT ADDED ENTRY--TOPICAL TERM
Topical term or geographic name as entry element insurance.
9 (RLIN) 16720
942 ## - ADDED ENTRY ELEMENTS (KOHA)
Source of classification or shelving scheme Dewey Decimal Classification
Koha item type Open Shelf
Holdings
Withdrawn status Lost status Source of classification or shelving scheme Damaged status Not for loan Home library Current library Date acquired Source of acquisition Inventory number Total Checkouts Full call number Barcode Date last seen Price effective from Koha item type
    Dewey Decimal Classification     MUST Main Library MUST Main Library 10/10/2023 purchase 23/42068   368STE 2016. 2023-0592 10/10/2023 10/10/2023 Open Shelf
    Dewey Decimal Classification     MUST Main Library MUST Main Library 10/10/2023 purchase 23/42069   368STE 2016. 2023-0593 10/10/2023   Open Shelf
    Dewey Decimal Classification     MUST Main Library MUST Main Library 10/10/2023 purchase 23/42070   368STE 2016. 2023-0594 10/10/2023   Open Shelf
    Dewey Decimal Classification     MUST Main Library MUST Main Library 10/10/2023 purchase 23/42071   368STE 2016. 2023-0595 10/10/2023   Open Shelf
    Dewey Decimal Classification     MUST Main Library MUST Main Library 10/10/2023 purchase 23/42072   368STE 2016. 2023-0596 10/10/2023   Open Shelf
    Dewey Decimal Classification     MUST Main Library MUST Main Library 10/10/2023 purchase 23/42073   368STE 2016. 2023-0597 10/10/2023   Open Shelf
    Dewey Decimal Classification     MUST Main Library MUST Main Library 10/10/2023 purchase 23/42075   368STE 2016. 2023-0598 10/10/2023   Open Shelf